00473 2200181 4500001002100000005001500021008004100036020001700077035001900094041000700113082000800120090001400128100001800142245004500160260003100205300002600236650002900262INLIS00000000000916820241224113756241224||||||||| | ||| |||| || |  a979-017-24-6 0010-1224009168 aid0 a741 a741 ERR t0 aErryza Susilo00aTerampil Membuat Bros dari Manik - Manik aJakartabQultumMediac2007 aviii + 60 hlm.; 19 cm 0akerajinan tangan -- bros